| 000 | 00565nam a2200205 a 4500 | ||
|---|---|---|---|
| 005 | 20140310183136.0 | ||
| 008 | 020820s19uu xx 00 eng d | ||
| 020 | _a0073032654 | ||
| 050 |
_aHB 139 _b.G85 1999 |
||
| 100 | _aGujarati, Damodar | ||
| 245 |
_aEssentials of econometrics / _cDamodar Gujarati |
||
| 250 | _a2nd ed. | ||
| 260 |
_aBoston : _bIrwin/McGraw-Hill, _c1999. |
||
| 300 |
_axxv, 534 p. : _bill. ; _c25 cm. |
||
| 521 | _aBSBA | ||
| 650 | _aEconometrics | ||
| 650 |
_aEconomics _xstatistical methods |
||
| 942 |
_cBK _2lcc _kFOR |
||
| 999 |
_c19273 _d19273 |
||